Statistics for "Do Not Travel" Countries for New Zealand Citizens

Click here to take the quiz!

General Stats

  • This quiz has been taken 26 times
  • The average score is 10 of 12

Answer Stats

Answer % Correct
Iraq
100%
Afghanistan
96%
Syria
96%
Yemen
92%
Somalia
83%
South Sudan
79%
Libya
79%
Venezuela
75%
Central African Republic
71%
Mali
63%
Niger
63%
Burundi
58%

Score Distribution

Percentile by Number Answered

Percent of People with Each Score

Your Score History

You have not taken this quiz